ਦੇਵਕੀ ਵੀ ਯਸ਼ੋਦਾ ਵੀ / (Record no. 71839)

MARC details
000 -LEADER
fixed length control field 01060nam a22002417a 4500
005 - DATE AND TIME OF LATEST TRANSACTION
control field 20130325151846.0
008 - FIXED-LENGTH DATA ELEMENTS--GENERAL INFORMATION
fixed length control field 090728t xxu||||| |||| 00| 0 pun d
010 ## - LCCN (DPL NO)
LC control number PUN-7501 B-493409-413
020 ## - INTERNATIONAL STANDARD BOOK NUMBER
Terms of availability 150.00
International Standard Book Number 9788182992641
035 ## - SYSTEM CONTROL NUMBER
System control number PN-6619 B-463409-413
037 ## - SOURCE OF ACQUISITION
Source of stock number/acquisition DBAD / PUB/Arsee Publishers
037 ## - SOURCE OF ACQUISITION
Source of stock number/acquisition BPPD/Star Publications
040 ## - CATALOGING SOURCE
Original cataloging agency dpl
Language of cataloging PN
082 ## - DEWEY DECIMAL CLASSIFICATION NUMBER
Classification number 851
100 ## - MAIN ENTRY--PERSONAL NAME
9 (RLIN) 37323
Personal name ਮਹਾਪਾਤਰ, ਮਨੋਰਮਾ ਵਿਸ਼ਵਾਲ
245 ## - TITLE STATEMENT
Title ਦੇਵਕੀ ਵੀ ਯਸ਼ੋਦਾ ਵੀ /
Statement of responsibility, etc ਮਨੋਰਮਾ ਵਿਸ਼ਵਾਲ ਮਹਾਪਾਤਰ
246 ## - VARYING FORM OF TITLE
Title proper/short title Devki vee yashoda vee
Remainder of title by Manorama Biswal Mahapatra
260 ## - PUBLICATION, DISTRIBUTION, ETC. (IMPRINT)
Place of publication, distribution, etc Delhi
Name of publisher, distributor, etc Arsee Publishers
Date of publication, distribution, etc 2012
270 ## - ADDRESS
City Chandni Chonk
Address Delhi
Telephone number 23280657
Postal code 110006
300 ## - PHYSICAL DESCRIPTION
Extent 72ਪਂ;
Other physical details 22ਸੇਂਮੀ(ਸਜਿਲਦ)
942 ## - ADDED ENTRY ELEMENTS (KOHA)
Source of classification or shelving scheme Dewey Decimal Classification
Item type Punjabi Bks
Classification part 851
Call number suffix ਮਹਾਪਾ
Holdings
Withdrawn status Lost status Source of classification or shelving scheme Damaged status Not for loan Collection code Home library Current library Date acquired Source of acquisition Cost, normal purchase price Total Checkouts Full call number Barcode Date last seen Copy number Cost, replacement price Koha item type
    Dewey Decimal Classification     Non-fiction Central Library Central Library 25/03/2013 BPPD/PUB 150.00   851 ਮਹਾਪਾ B-493409 25/03/2013 1 150.00 Punjabi Bks
    Dewey Decimal Classification     Non-fiction D.B.Act.Division D.B.Act.Division 04/12/2012 DBAD / PUB 150.00   851 ਮਹਾਪਾ PN-6619 04/12/2012 1 150.00 Punjabi Bks
    Dewey Decimal Classification     Non-fiction Mobile Library Mobile Library 25/03/2013 BPPD/PUB 150.00   851 ਮਹਾਪਾ B-493410 25/03/2013 1 150.00 Punjabi Bks
    Dewey Decimal Classification     Non-fiction Mobile Library Mobile Library 25/03/2013 BPPD/PUB 150.00   851 ਮਹਾਪਾ B-493411 25/03/2013 1 150.00 Punjabi Bks
    Dewey Decimal Classification     Non-fiction Vigyan Vihar Vigyan Vihar 25/03/2013 BPPD/PUB 150.00   851 ਮਹਾਪਾ B-493413 25/03/2013 1 150.00 Punjabi Bks
    Dewey Decimal Classification     Non-fiction Vinoba Puri Vinoba Puri 25/03/2013 BPPD/PUB 150.00   851 ਮਹਾਪਾ B-493412 25/03/2013 1 150.00 Punjabi Bks

© Delhi Public Library
Hit Counter
free hit counter